000 00332nam a22001337a 4500
008 170908b xxu||||| |||| 00| 0 eng d
020 _a2900470398172
041 _aeng
080 _22ND
_a91
100 _a42
101 _aGJEO
245 _aINTRODUCING GEOGRAPHIC INFORMATION SYSTEMS WITH ARCGIS
_cGOODCHILD,M.F
942 _2udc
_cBK
999 _c26927
_d26927